Muhammad Ali the King of Ring (Record no. 6768)

MARC details
000 -LEADER
fixed length control field 00325nam a2200133Ia 4500
003 - CONTROL NUMBER IDENTIFIER
control field OSt
008 - FIXED-LENGTH DATA ELEMENTS--GENERAL INFORMATION
fixed length control field 191201s2011 xx 000 0 und d
100 ## - MAIN ENTRY--PERSONAL NAME
Personal name HELFAND, Lewis
245 #0 - TITLE STATEMENT
Title Muhammad Ali the King of Ring
260 ## - PUBLICATION, DISTRIBUTION, ETC. (IMPRINT)
Name of publisher, distributor, etc KALYANI MEDIA PVT. LTD.
Date of publication, distribution, etc 2011
300 ## - PHYSICAL DESCRIPTION
Extent 84
650 ## - SUBJECT ADDED ENTRY--TOPICAL TERM
Topical term or geographic name as entry element General Books
942 ## - ADDED ENTRY ELEMENTS (KOHA)
Source of classification or shelving scheme Dewey Decimal Classification
Koha item type Text Books
942 ## - ADDED ENTRY ELEMENTS (KOHA)
-- 1
Holdings
Withdrawn status Lost status Source of classification or shelving scheme Damaged status Not for loan Collection code Home library Current library Date acquired Source of acquisition Cost, normal purchase price Bill Number Total Checkouts Full call number Acc. no. / Barcode Date last seen Date last borrowed Actual Cost, discounted price Bill Date Koha item type Public note
    Dewey Decimal Classification     GENERAL PIET C-LIBRARY PIET C-LIBRARY 21/07/2020 Kalyani Nav yug Media Pvt Ltd. 275.00 271 1 796.83092 HEM 30283 30/08/2022 06/07/2021 151.25 31/08/2018 Text Books  
    Dewey Decimal Classification     GENERAL PIET C-LIBRARY PIET C-LIBRARY 21/07/2020 Kalyani Nav yug Media Pvt Ltd. 275.00 271   796.83092 HEM 30284 04/12/2019   151.25 31/08/2018 Text Books History and Culture

Design & Developed by: PIET Central Library
R70 Miles Stone Pattikalyana Samalkha Panipat 132102
mail ID :- [email protected], Phone No:- 0180-2569700 Ex.216